LIBRARY & INFORMATION CENTRE, KCAET, TAVANUR

ONLINE PUBLIC ACCESS CATALOGUE (OPAC)

Onse na kahana / (Record no. 12274)

MARC details
000 -LEADER
fixed length control field 00347cam a2200133ua 4500
041 ## - LANGUAGE CODE
Language code of text/sound track or separate title hin
082 ## - DEWEY DECIMAL CLASSIFICATION NUMBER
Classification number 891.43
Item number BAG/ON
100 ## - MAIN ENTRY--AUTHOR NAME
Personal name Bhagavathiprasad, Vajpay .
245 ## - TITLE STATEMENT
Title Onse na kahana /
260 ## - PUBLICATION, DISTRIBUTION, ETC. (IMPRINT)
Place of publication :
Name of publisher Rajpal and Sanch ,
Year of publication 1952.
300 ## - PHYSICAL DESCRIPTION
Number of Pages 266 ; .

No items available.

free website counter